00576nam a22001697a 4500003000500000005001700005008004100022020001700063050002300080082002400103100002200127245007500149260005700224300002900281650004700310650004900357SISC20160622151458.0130816t xxu||||| |||| 00| 0 eng d a9710843877  aPS 507b.M553 2005 aHS 820.9 bG28 2005 aMercado, Julio F. aGEMS in English & American literature /cMercado, Julio F. ... [et al] aMandaluyong City : bNational Book Store, cc2005.  a456 p. :bill. ;c25 cm. aEnglish literaturexHistory and criticism. aAmerican literaturexHistory and criticism.